<?xml version="1.0" encoding="UTF-8"?>
<record
    xmlns:xsi="http://www.w3.org/2001/XMLSchema-instance"
    xsi:schemaLocation="http://www.loc.gov/MARC21/slim http://www.loc.gov/standards/marcxml/schema/MARC21slim.xsd"
    xmlns="http://www.loc.gov/MARC21/slim">

  <leader>05325nam a2200457 a 4500</leader>
  <controlfield tag="001">dia_6152</controlfield>
  <controlfield tag="003">CHAP</controlfield>
  <controlfield tag="005">20240816095311.0</controlfield>
  <controlfield tag="007">ta</controlfield>
  <controlfield tag="008">220117s2015    mx ad  frm    001 0 spa d</controlfield>
  <datafield tag="010" ind1=" " ind2=" ">
    <subfield code="a">177346</subfield>
  </datafield>
  <datafield tag="040" ind1=" " ind2=" ">
    <subfield code="a">mxchpua</subfield>
    <subfield code="c">CHAP</subfield>
  </datafield>
  <datafield tag="041" ind1="0" ind2=" ">
    <subfield code="a">spa</subfield>
    <subfield code="b">eng</subfield>
  </datafield>
  <datafield tag="090" ind1=" " ind2=" ">
    <subfield code="a">Tesis </subfield>
    <subfield code="b">B63 </subfield>
    <subfield code="c">2015</subfield>
  </datafield>
  <datafield tag="100" ind1="1" ind2=" ">
    <subfield code="a">Bocarando Guzm&#xE1;n, Mar&#xED;a Dreidi</subfield>
  </datafield>
  <datafield tag="240" ind1="1" ind2="0">
    <subfield code="a">Cold chain of products fruits in supermarkets and his traceability.</subfield>
    <subfield code="l">Espa&#xF1;ol</subfield>
  </datafield>
  <datafield tag="245" ind1="1" ind2="0">
    <subfield code="a">Cadena de fr&#xED;o de productos fruct&#xED;colas en supermercados y su trazabilidad /</subfield>
    <subfield code="c">Mar&#xED;a Dreidi Bocarando Guzm&#xE1;n</subfield>
  </datafield>
  <datafield tag="264" ind1=" " ind2=" ">
    <subfield code="a">Chapingo, M&#xE9;xico :</subfield>
    <subfield code="b">El autor,</subfield>
    <subfield code="c">2015</subfield>
  </datafield>
  <datafield tag="300" ind1=" " ind2=" ">
    <subfield code="a">x, 104 hojas :</subfield>
    <subfield code="b">ilustraciones, tablas, gr&#xE1;ficas</subfield>
  </datafield>
  <datafield tag="336" ind1=" " ind2=" ">
    <subfield code="2">rdacontent</subfield>
    <subfield code="a">texto</subfield>
    <subfield code="b">txt</subfield>
  </datafield>
  <datafield tag="337" ind1=" " ind2=" ">
    <subfield code="2">rdamedia</subfield>
    <subfield code="a">no mediado</subfield>
    <subfield code="b">n</subfield>
  </datafield>
  <datafield tag="338" ind1=" " ind2=" ">
    <subfield code="2">rdacarrier</subfield>
    <subfield code="a">volumen</subfield>
    <subfield code="b">nc</subfield>
  </datafield>
  <datafield tag="502" ind1=" " ind2=" ">
    <subfield code="a">Tesis </subfield>
    <subfield code="b">(Ingeniero Agroindustrial) --</subfield>
    <subfield code="c">UACh. Departamento de Ingenier&#xED;a Agroindustrial,</subfield>
    <subfield code="d">2015</subfield>
  </datafield>
  <datafield tag="504" ind1=" " ind2=" ">
    <subfield code="a">Bibliograf&#xED;a: hojas 91-102</subfield>
  </datafield>
  <datafield tag="520" ind1="3" ind2=" ">
    <subfield code="a">La presencia de los supermercados en M&#xE9;xico data desde 1946 en las ciudades m&#xE1;s urbanizadas como la Ciudad de M&#xE9;xico, Puebla, Quer&#xE9;taro, Guadalajara y Monterrey. Este estudio se realiz&#xF3; sobre la cadena de fr&#xED;o de productos frut&#xED;colas y su trazabilidad en cinco supermercados de Texcoco, Estado de M&#xE9;xico. Se registraron datos sobre la humedad relativa (HR) y temperatura de cada tipo de fruta, clasificada como climat&#xE9;rica y no climat&#xE9;rica. Tambi&#xE9;n se registr&#xF3; y analiz&#xF3; el tipo de empaque y la presencia o ausencia del c&#xF3;digo de barras. Este an&#xE1;lisis se centr&#xF3; en fruta fresca y algunas frutas m&#xED;nimamente procesadas. Se incluye tambi&#xE9;n el an&#xE1;lisis de resultados obtenidos en la aplicaci&#xF3;n de 100 encuestas a consumidores para conocer aspectos relacionados con preferencia y manejo de productos frut&#xED;colas en los hogares; y una encuesta al gerente del supermercado E respecto al manejo de los frutales en la tienda y datos relacionados con la trazabilidad de estos productos alimenticios. Para el an&#xE1;lisis estad&#xED;stico de los datos se utiliz&#xF3; ji-cuadrada del paquete computacional de SAS. El estudio arroja datos sobre la falta de cumplimiento de los valores recomendados de temperatura y HR usados para la conservaci&#xF3;n de frutas en ventas al menudeo, la temperatura aplicada a frutas climat&#xE9;ricas var&#xED;a un poco de las no climat&#xE9;ricas, sin embargo para HR no es evidente. Respecto al empaque identificado, se puede indicar que &#xFA;nicamente las manzanas, uvas, fresas, papayas, peras y duraznos cuentan con empaque. M&#xE1;s del 50% de la fruta se vende a granel, mientras que el 100% de las fresas y uvas presentaron c&#xF3;digo de barras, el 31.8% de los duraznos, 55.7% de las manzanas, y 40.5% en peras. Para fruta m&#xED;nimamente procesada la menor temperatura registrada fue para fresa y tambi&#xE9;n contaban con empaque y control de trazabilidad. </subfield>
  </datafield>
  <datafield tag="520" ind1="3" ind2=" ">
    <subfield code="a">The presence of supermarkets in Mexico was since 1946 in urbanized cities like Mexico City, Puebla, Queretaro, Guadalajara and Monterrey. This study was conducted on the cold chain and traceability of fruit products in five supermarkets in Texcoco, State of Mexico. Data were recorded on the relative humidity (RH) and temperature of each type of fruit, classified as climacteric and non climacteric. It was also registered and analyzed the packaging types and presence or absence of tracing elements, such as bar code. This analysis focused on fresh fruit and some minimally processed fruits. It is included the result analysis obtained from survey application of 100 consumers about aspects such as, preference and fruit handling products at home as well; and data from questioners applied to supermarket E manager about fruit management at store and data traceability related with these foodstuffs. For statistical data analysis was used Ji-Square of SAS software package. The study provides data on the lack of compliance of the recommended values of temperature and RH used for the preservation of fruit at retail points, the temperature applied to climacteric fruits varies somewhat from non-climacteric, but for HR is not obvious. Regarding packaging identification, it can be indicated that only apples, grapes, strawberries, papayas, pears, peaches recorded some package types. More than 50.0% of fruit was sold on bulk, while 100% of strawberries and grapes presented barcode, the 31.8% of the peaches, the 55.7% of the apples, and 40.5% in pears. The lowest temperature recorded in minimally processed fruits was for strawberry and also registered packing and traceability control.</subfield>
  </datafield>
  <datafield tag="650" ind1="1" ind2="3">
    <subfield code="a">Cadena de suministro  </subfield>
    <subfield code="x">Trazabilidad  </subfield>
    <subfield code="2">atg</subfield>
  </datafield>
  <datafield tag="650" ind1="1" ind2="3">
    <subfield code="a">Productos frutales  </subfield>
    <subfield code="x">Almacenamiento en fr&#xED;o  </subfield>
    <subfield code="2">atg</subfield>
  </datafield>
  <datafield tag="650" ind1="1" ind2="3">
    <subfield code="a">Supermercados</subfield>
    <subfield code="2">atg</subfield>
    <subfield code="x">Sistemas de refrigeraci&#xF3;n  </subfield>
  </datafield>
  <datafield tag="650" ind1="1" ind2="3">
    <subfield code="a">Fruit products</subfield>
    <subfield code="x">Cold storage </subfield>
    <subfield code="2">atg</subfield>
  </datafield>
  <datafield tag="650" ind1="1" ind2="3">
    <subfield code="a">Supermarkets  </subfield>
    <subfield code="x">Cooling systems</subfield>
    <subfield code="2">atg</subfield>
  </datafield>
  <datafield tag="650" ind1="1" ind2="3">
    <subfield code="a">Supply chain  </subfield>
    <subfield code="x">Traceability</subfield>
    <subfield code="2">atg</subfield>
  </datafield>
  <datafield tag="700" ind1="1" ind2=" ">
    <subfield code="a">Maldonado Sim&#xE1;n, Ema de Jes&#xFA;s</subfield>
    <subfield code="e">director</subfield>
  </datafield>
  <datafield tag="700" ind1="1" ind2=" ">
    <subfield code="a">P&#xE9;rez L&#xF3;pez, Artemio</subfield>
    <subfield code="e">asesor</subfield>
  </datafield>
  <datafield tag="700" ind1="1" ind2=" ">
    <subfield code="a">Sandoval Castilla, Ofelia</subfield>
    <subfield code="e">asesor</subfield>
  </datafield>
  <datafield tag="856" ind1="4" ind2="1">
    <subfield code="u">http://10.13.5.2/tesis/sist112011.pdf</subfield>
    <subfield code="y">DESCARGAR PDF</subfield>
  </datafield>
  <datafield tag="901" ind1=" " ind2=" ">
    <subfield code="a">TESIS B63 2015</subfield>
  </datafield>
  <datafield tag="902" ind1=" " ind2=" ">
    <subfield code="a">M</subfield>
  </datafield>
  <datafield tag="905" ind1=" " ind2=" ">
    <subfield code="a">5232272015                          mx nml 8223123322spa16</subfield>
  </datafield>
  <datafield tag="942" ind1=" " ind2=" ">
    <subfield code="c">TESIS</subfield>
    <subfield code="2">Clasificaci&#xF3;n Universidad Aut&#xF3;noma Chapingo</subfield>
  </datafield>
  <datafield tag="999" ind1=" " ind2=" ">
    <subfield code="c">177346</subfield>
    <subfield code="d">177346</subfield>
  </datafield>
  <datafield tag="952" ind1=" " ind2=" ">
    <subfield code="0">0</subfield>
    <subfield code="1">0</subfield>
    <subfield code="2">local</subfield>
    <subfield code="4">0</subfield>
    <subfield code="5">1</subfield>
    <subfield code="7">0</subfield>
    <subfield code="8">TESIS</subfield>
    <subfield code="a">IA_</subfield>
    <subfield code="b">IA_</subfield>
    <subfield code="d">2016-01-18</subfield>
    <subfield code="e">El autor</subfield>
    <subfield code="l">0</subfield>
    <subfield code="o">Tesis B63 2015</subfield>
    <subfield code="p">1101009968</subfield>
    <subfield code="r">2022-01-18 00:00:00</subfield>
    <subfield code="t">Ej.3</subfield>
    <subfield code="w">2016-01-18</subfield>
    <subfield code="y">CD</subfield>
  </datafield>
  <datafield tag="952" ind1=" " ind2=" ">
    <subfield code="0">0</subfield>
    <subfield code="1">0</subfield>
    <subfield code="2">local</subfield>
    <subfield code="4">0</subfield>
    <subfield code="5">1</subfield>
    <subfield code="7">0</subfield>
    <subfield code="8">TESIS</subfield>
    <subfield code="a">IA_</subfield>
    <subfield code="b">IA_</subfield>
    <subfield code="d">2016-01-18</subfield>
    <subfield code="e">El autor</subfield>
    <subfield code="l">0</subfield>
    <subfield code="o">Tesis B63 2015</subfield>
    <subfield code="p">1101009966</subfield>
    <subfield code="r">2026-02-02 00:00:00</subfield>
    <subfield code="t">Ej.1</subfield>
    <subfield code="w">2016-01-18</subfield>
    <subfield code="y">TESIS</subfield>
  </datafield>
  <datafield tag="952" ind1=" " ind2=" ">
    <subfield code="0">0</subfield>
    <subfield code="1">0</subfield>
    <subfield code="2">local</subfield>
    <subfield code="4">0</subfield>
    <subfield code="5">1</subfield>
    <subfield code="7">0</subfield>
    <subfield code="8">TESIS</subfield>
    <subfield code="a">IA_</subfield>
    <subfield code="b">IA_</subfield>
    <subfield code="d">2016-01-18</subfield>
    <subfield code="e">El autor</subfield>
    <subfield code="l">0</subfield>
    <subfield code="o">Tesis B63 2015</subfield>
    <subfield code="p">1101009967</subfield>
    <subfield code="r">2022-01-18 00:00:00</subfield>
    <subfield code="t">Ej.2</subfield>
    <subfield code="w">2016-01-18</subfield>
    <subfield code="y">CD</subfield>
  </datafield>
  <datafield tag="952" ind1=" " ind2=" ">
    <subfield code="0">0</subfield>
    <subfield code="1">0</subfield>
    <subfield code="2">local</subfield>
    <subfield code="4">0</subfield>
    <subfield code="7">0</subfield>
    <subfield code="8">TesDigL</subfield>
    <subfield code="a">IA_</subfield>
    <subfield code="b">IA_</subfield>
    <subfield code="c">E_L</subfield>
    <subfield code="d">2016-01-18</subfield>
    <subfield code="e">El autor</subfield>
    <subfield code="l">0</subfield>
    <subfield code="p">1201009966</subfield>
    <subfield code="r">2024-08-16 10:52:39</subfield>
    <subfield code="w">2024-08-16</subfield>
    <subfield code="y">TD</subfield>
  </datafield>
</record>
